| 000 | 00604nam a2200205 a 4500 | ||
|---|---|---|---|
| 005 | 20250620063857.0 | ||
| 008 | 030429s2000 es r 000 0 spa d | ||
| 020 | _a8436814673 | ||
| 035 | _aUPN01000123840 | ||
| 049 | _aCG | ||
| 050 | 4 |
_aRC467 _bR6.3 |
|
| 100 | 1 | _aRodríguez-Naranjo, Carmen | |
| 245 | 1 | 0 |
_aDe los principios de la psicología a la práctica clínica / _cCarmen Rodríguez-Naranjo. |
| 260 |
_aMadrid : _bPirámide, _cc2000. |
||
| 300 | _a148 p. | ||
| 440 | 0 | _aPsicología | |
| 650 | 4 |
_aPsicología clínica _913467 |
|
| 650 | 2 |
_aModificación de la conducta _99956 |
|
| 905 | _aLibro | ||
| 999 |
_c96019 _d96019 |
||